| Tag |
First Indicator |
Second Indicator |
Subfields |
| LEADER |
00000cam a2200000 i 4500 |
| 001 |
in00002199913 |
| 005 |
20151104095122.0 |
| 008 |
041025s2006 cauac b 001 0 eng d |
| 020 |
|
|
|a 159059701X
|
| 024 |
3 |
|
|a 9781590597019
|
| 035 |
|
|
|a (OCoLC)ocm71832378
|
| 040 |
|
|
|a NUI
|c NUI
|d UtOrBLW
|
| 049 |
|
|
|a TXAM
|
| 090 |
|
|
|a TK5105.88813
|b .H37 2006
|
| 100 |
1 |
|
|a Hasan, Jeffrey.
|
| 245 |
1 |
0 |
|a Expert service-oriented architecture in C# 2005 /
|c Jeffrey Hasan with Mauricio Duran.
|
| 250 |
|
|
|a 2nd ed.
|
| 264 |
|
1 |
|a Berkeley, Calif. :
|b Apress,
|c [2006]
|
| 264 |
|
4 |
|c ©2006
|
| 300 |
|
|
|a xxiv, 246 pages :
|b illustrations ;
|c 24 cm.
|
| 336 |
|
|
|a text
|b txt
|2 rdacontent
|
| 337 |
|
|
|a unmediated
|b n
|2 rdamedia
|
| 338 |
|
|
|a volume
|b nc
|2 rdacarrier
|
| 504 |
|
|
|a Includes bibliographical references and index.
|
| 650 |
|
0 |
|a Web services.
|
| 650 |
|
0 |
|a C# (Computer program language)
|
| 945 |
|
|
|a PromptCat
|
| 946 |
|
|
|a stk
|
| 947 |
|
|
|a A14835018263
|
| 948 |
|
|
|a cataloged
|b h
|c 2006/12/12
|d c
|e dmitchel
|f 1:20:10 pm
|
| 994 |
|
|
|a 92
|b TXA
|
| 999 |
|
|
|a MARS
|
| 999 |
f |
f |
|s 3853f266-ff17-39b7-906c-e8f04161f77f
|i ff0815a8-2796-3ca6-a4e3-c0c99e683a1c
|t 0
|
| 952 |
f |
f |
|p ric
|a Texas A&M University
|b Rellis Campus
|c Joint Library Facility
|d Remote Storage
|t 0
|e TK5105.88813 .H37 2006
|h Library of Congress classification
|i unmediated -- volume
|m A14835018263
|
| 998 |
f |
f |
|a TK5105.88813 .H37 2006
|t 0
|l Remote Storage
|